000 00456nam a2200157 4500
001 109156
003 ES-MaACL
005 20230906184803.0
007 t|
008 061121s1978 sp r ||||1| spa d
100 1 _aMirĂ³, Santiago.
_981609
245 1 0 _aCaciquismo y corrupciones municipales en las Islas /
_cSantiago MirĂ³.
260 _aBarcelona :
_bEdiciones Actuales,
_c1978.
300 _a233 p. ;
_c21 cm.
852 _aES-MaACL
_jA-8899
_bR.98005
999 _c109156
_d109156